000 00441nam a22001817a 4500
003 MPLRDC
005 20220104113853.0
008 210129b ||||| |||| 00| 0 eng d
082 _a848.2 YGZ-3
100 _a余光中
245 _a余光中诗选
_c
250 _a八版
260 _a台湾
_b洪范书店有限公司
_c1984
300 _b367
490 _a洪范文学丛书;72
650 _a现代别集
942 _cBK
_o848.2 YGZ-3
999 _c3011
_d3001